| 000 | 00705nam a22002053a 4500 | ||
|---|---|---|---|
| 005 | 20230524063856.0 | ||
| 008 | 010531s1995 mx fr 000 0 spa d | ||
| 020 | _a8478691960 | ||
| 035 | _aUPN01000116994 | ||
| 049 | _aCG | ||
| 050 | 4 |
_aLB1131 _bP7.6 no.2 |
|
| 100 | 1 |
_aYuste Hernanz, Carlos _929510 |
|
| 245 | 1 | 0 |
_aConceptos, operaciones y problemas básicos numéricos : _bdesarrollo del lenguaje... / _cCarlos Yuste Hernanz, Manuel Trallero Sanz. |
| 260 |
_aMadrid : _bCEPE, _c1995. |
||
| 300 |
_a128 p. : _bil., alg. col. |
||
| 440 | 0 |
_aProgresint ; _v2 |
|
| 650 | 4 |
_aMatemáticas _xEstudio y enseñanza (Elemental) _92809 |
|
| 650 | 4 |
_aCALCULO - _vPROBLEMAS, EJERCICIOS, ETC. _94539 |
|
| 905 | _aLibro | ||
| 999 |
_c89622 _d89622 |
||